<?xml version="1.0" encoding="UTF-8"?>
<record
    xmlns:xsi="http://www.w3.org/2001/XMLSchema-instance"
    xsi:schemaLocation="http://www.loc.gov/MARC21/slim http://www.loc.gov/standards/marcxml/schema/MARC21slim.xsd"
    xmlns="http://www.loc.gov/MARC21/slim">

  <leader>01615nam a2200385Ic 4500</leader>
  <controlfield tag="001">58057</controlfield>
  <controlfield tag="003">CO-BoRNBP</controlfield>
  <controlfield tag="005">20250814221229.0</controlfield>
  <controlfield tag="007">ta</controlfield>
  <controlfield tag="008">121119s    2014ck a          000 f und d</controlfield>
  <datafield tag="020" ind1=" " ind2=" ">
    <subfield code="a">9789588845043</subfield>
  </datafield>
  <datafield tag="040" ind1=" " ind2=" ">
    <subfield code="a">CO-BoRNBP</subfield>
    <subfield code="b">spa</subfield>
    <subfield code="e">rda</subfield>
    <subfield code="c">CO-BoRNBP</subfield>
  </datafield>
  <datafield tag="041" ind1="0" ind2=" ">
    <subfield code="a">spa</subfield>
  </datafield>
  <datafield tag="084" ind1=" " ind2=" ">
    <subfield code="a">C</subfield>
  </datafield>
  <datafield tag="100" ind1=" " ind2=" ">
    <subfield code="a">Aristiz&#xE1;bal Correa, Susana</subfield>
    <subfield code="e">aut</subfield>
    <subfield code="9">62339</subfield>
  </datafield>
  <datafield tag="245" ind1="1" ind2="3">
    <subfield code="a">Un castillo de libros /</subfield>
    <subfield code="c">Susana Aristiz&#xE1;bal ; ilustraciones Nel Correa.</subfield>
  </datafield>
  <datafield tag="250" ind1=" " ind2=" ">
    <subfield code="a">1a. edici&#xF3;n</subfield>
  </datafield>
  <datafield tag="264" ind1=" " ind2="1">
    <subfield code="a">Medell&#xED;n, Colombia :</subfield>
    <subfield code="b">Tragaluz,</subfield>
    <subfield code="c">2014</subfield>
  </datafield>
  <datafield tag="300" ind1=" " ind2=" ">
    <subfield code="a">36 p&#xE1;ginas sin numeraci&#xF3;n :</subfield>
    <subfield code="b">ilustraciones en color</subfield>
  </datafield>
  <datafield tag="336" ind1=" " ind2=" ">
    <subfield code="a">texto</subfield>
    <subfield code="b">txt</subfield>
    <subfield code="2">rdacontent</subfield>
  </datafield>
  <datafield tag="337" ind1=" " ind2=" ">
    <subfield code="a">sin mediaci&#xF3;n</subfield>
    <subfield code="b">n</subfield>
    <subfield code="2">rdamedia</subfield>
  </datafield>
  <datafield tag="338" ind1=" " ind2=" ">
    <subfield code="a">volumen</subfield>
    <subfield code="b">nc</subfield>
    <subfield code="2">rdacarrier</subfield>
  </datafield>
  <datafield tag="490" ind1="0" ind2=" ">
    <subfield code="a">Leer en mi cuento</subfield>
  </datafield>
  <datafield tag="500" ind1=" " ind2=" ">
    <subfield code="a">Este documento se desarrolla en el marco del Convenio de Asociaci&#xF3;n  529 de 2013 "Alianza P&#xFA;blico Privada de Impulso y Sostenibilidad de la Pol&#xED;tica P&#xFA;blica de Primera Infancia</subfield>
  </datafield>
  <datafield tag="500" ind1=" " ind2=" ">
    <subfield code="a">Versi&#xF3;n digital de la p&#xE1;gina www.manguared.gov.co</subfield>
  </datafield>
  <datafield tag="650" ind1="0" ind2="4">
    <subfield code="a">Cuentos infantiles colombianos</subfield>
    <subfield code="2">LEMB</subfield>
  </datafield>
  <datafield tag="650" ind1="0" ind2="7">
    <subfield code="a">Libros en la literatura</subfield>
    <subfield code="2">lemb</subfield>
    <subfield code="9">62340</subfield>
  </datafield>
  <datafield tag="650" ind1="0" ind2="7">
    <subfield code="a">Libros ilustrados para ni&#xF1;os</subfield>
    <subfield code="2">LEMB</subfield>
    <subfield code="9">2001</subfield>
  </datafield>
  <datafield tag="650" ind1="0" ind2="4">
    <subfield code="a">Literatura infantil colombiana</subfield>
    <subfield code="2">LEMB</subfield>
    <subfield code="9">34</subfield>
  </datafield>
  <datafield tag="700" ind1=" " ind2=" ">
    <subfield code="a">Correa, Nel</subfield>
    <subfield code="e">ill</subfield>
    <subfield code="9">62341</subfield>
  </datafield>
  <datafield tag="710" ind1="1" ind2=" ">
    <subfield code="a">Fundaci&#xF3;n Taller de Letras Jordi Sierra i Fabra</subfield>
    <subfield code="9">62342</subfield>
  </datafield>
  <datafield tag="830" ind1=" " ind2="0">
    <subfield code="a">De cero a siempre</subfield>
    <subfield code="a">Colecci&#xF3;n para la Primera Infancia del Ministerio de Cultura, Plan Nacional de Lectura y Escritura Leer es mi cuento</subfield>
    <subfield code="9">62343</subfield>
  </datafield>
  <datafield tag="856" ind1=" " ind2=" ">
    <subfield code="u">http://online.anyflip.com/asci/jcjx/</subfield>
    <subfield code="z">Acceso web</subfield>
  </datafield>
  <datafield tag="942" ind1=" " ind2=" ">
    <subfield code="2">loc</subfield>
    <subfield code="c">LIBELEC</subfield>
  </datafield>
  <datafield tag="999" ind1=" " ind2=" ">
    <subfield code="c">58057</subfield>
    <subfield code="d">58057</subfield>
  </datafield>
  <datafield tag="952" ind1=" " ind2=" ">
    <subfield code="0">0</subfield>
    <subfield code="1">0</subfield>
    <subfield code="2">ddc</subfield>
    <subfield code="4">0</subfield>
    <subfield code="7">0</subfield>
    <subfield code="8">INF</subfield>
    <subfield code="a">MEFTEORO</subfield>
    <subfield code="b">MEFTEORO</subfield>
    <subfield code="c">SInf</subfield>
    <subfield code="d">2025-08-14</subfield>
    <subfield code="l">0</subfield>
    <subfield code="o">C ARISC</subfield>
    <subfield code="p">Fo02537</subfield>
    <subfield code="r">2025-08-14 22:13:36</subfield>
    <subfield code="t">Ej.1</subfield>
    <subfield code="w">2025-08-14</subfield>
    <subfield code="y">BKINF</subfield>
  </datafield>
  <datafield tag="952" ind1=" " ind2=" ">
    <subfield code="0">0</subfield>
    <subfield code="1">0</subfield>
    <subfield code="2">ddc</subfield>
    <subfield code="4">0</subfield>
    <subfield code="7">0</subfield>
    <subfield code="8">INF</subfield>
    <subfield code="a">MEFTEORO</subfield>
    <subfield code="b">MEFTEORO</subfield>
    <subfield code="c">SInf</subfield>
    <subfield code="d">2025-08-14</subfield>
    <subfield code="l">0</subfield>
    <subfield code="o">P POE15</subfield>
    <subfield code="p">Fo02538</subfield>
    <subfield code="r">2025-08-14 22:18:42</subfield>
    <subfield code="t">Ej.1</subfield>
    <subfield code="w">2025-08-14</subfield>
    <subfield code="y">LIBELEC</subfield>
  </datafield>
</record>
